000 00955cam a22002894a 4500
003 UPN
005 20241109063728.0
008 050419s2000 es r 000 0 spa d
020 _a8484321045
035 _aUPN01000138153
040 _aUPN
_bspa
_cUPN
049 _aCG
050 4 _aHM263
_bCH6.2
100 1 _aChomsky, Noam,
_d1928-
_927899
245 1 0 _aActos de agresión /
_cNoam Chomsky ; tr. Jordi Beltrán.
260 _aBarcelona, Esp. :
_bCrítica,
_c2000.
300 _a174 p.
490 0 _aLetras de crítica
534 _pTraducción de:
_tMedia control : the umbrella of U.S. power : acts of aggression
650 2 _aPropaganda
_95808
650 0 _aMedios masivos de comunicación
_xAspectos políticos
_95865
650 4 _aDerechos humanos
_95797
651 4 _aESTADOS UNIDOS -
_xRELACIONES EXTERIORES -
_zIRAQ
_97549
651 4 _aIRAQ -
_xRELACIONES EXTERIORES -
_zESTADOS UNIDOS
_914057
905 _aLibro
942 _2lcc
_cLIBRO
999 _c110301
_d110301